No time to lose on variations (Record no. 76343)
[ view plain ]
| 000 -LEADER | |
|---|---|
| fixed length control field | 00970cab a2200193 4500 |
| 001 - CONTROL NUMBER | |
| control field | ##L132164 |
| 008 - FIXED-LENGTH DATA ELEMENTS--GENERAL INFORMATION | |
| fixed length control field | 060117n2006 000 0 eng u |
| 035 ## - SYSTEM CONTROL NUMBER | |
| System control number | (Sirsi) u132164 |
| 041 0# - LANGUAGE CODE | |
| Language code of text/sound track or separate title | eng |
| 100 1# - MAIN ENTRY--PERSONAL NAME | |
| Personal name | Klein, Rudi |
| 245 00 - TITLE STATEMENT | |
| Title | No time to lose on variations |
| 260 ## - PUBLICATION, DISTRIBUTION, ETC. | |
| Date of publication, distribution, etc. | 2006 |
| 490 #0 - SERIES STATEMENT | |
| Series statement | Construction News |
| Volume/sequential designation | (6949) 12 January 2006, 16(1) |
| 520 ## - SUMMARY, ETC. | |
| Summary, etc. | Gives the facts of, and comments upon, "Shawton Engineering v DGP International" ([2005] EWCA Civ 1359, L131718), where S terminated D's design subcontract on the grounds of delay. The court held that S had not been able to show that it had given reasonable notice making time of the essence. The author draws the conclusion that better communication between all those involved in the design process may well have avoided the litigation. |
| 590 ## - LOCAL NOTE (RLIN) | |
| Local note | IKA170106 |
| 650 24 - SUBJECT ADDED ENTRY--TOPICAL TERM | |
| Topical term or geographic name entry element | SHAWTON ENGINEERING LTD V DGP INTERNATIONAL LTD AND ANOTHER |
| 690 ## - LOCAL SUBJECT ADDED ENTRY--TOPICAL TERM (OCLC, RLIN) | |
| Topical term or geographic name as entry element | BUILT ENVIRONMENT-CONSTRUCTION MARKET |
| 942 ## - ADDED ENTRY ELEMENTS (KOHA) | |
| Suppress in OPAC | 0 |
| Withdrawn status | Lost status | Source of classification or shelving scheme | Damaged status | Not for loan | Home library | Current library | Shelving location | Date acquired | Total Checkouts | Full call number | Barcode | Date last seen | Copy number | Price effective from | Koha item type |
|---|---|---|---|---|---|---|---|---|---|---|---|---|---|---|---|
| Dewey Decimal Classification | London | London | Journal article | 17/01/2006 | L132164 | 132164-1001 | 06/08/2019 | 1 | 06/08/2019 | Archive |